Państwa graniczące z brazylią [ dla geomexa ] - Statystyki

Ogólne statystyki
  • Ten quiz został rozwiązany 86 razy
  • Średni wynik to 9 z 10
Statystyki odpowiedzi
Podpowiedź Państwo % Poprawnych
Tylko trochę graniczyZ brazylią Argentyna
94%
Ma we fladze paski z trzemaKolorami ale jeden jest dłuższy Od innych Kolumbia
94%
Dużo osób sprzecza się czy ma Na swojej fladze znaczek czy nie Peru
94%
Nie ma drużyny piłkarskiejKtóra może gracz w mś i copa America Gujana
92%
Ma półkole z gwiazdek na swojej Fladze Wenezuela
90%
W lewym górnym rogu na swojejFladze ma słońce Urugwaj
89%
Na terenie tego państwa Jest dużo gór Boliwia
85%
Trzy jego prowincje przypominająOddzielne państwo Paragwaj
85%
Nie koniecznie z Ameryki Południowej Francja
81%
Najmniejsze państwo Ameryki Południowej Surinam
81%
Nie znaleziono quizów pasujących do podanych kryteriów
Rozkład punktacji
Procent ludzi z każdym wynikiem
Percentyl według liczby udzielonych odpowiedzi
Twoja historia wyników
Nie rozwiązałeś tego quizu